| 000 | 01023cam a22003371a 4500 | ||
|---|---|---|---|
| 001 | 9964964 | ||
| 003 | NUST | ||
| 005 | 20210820164215.0 | ||
| 008 | 941019s1974 pk 000 0 urdo | ||
| 010 | _a 75930513 | ||
| 020 | _a9693521072 | ||
| 035 | _a(OCoLC)31316814 | ||
| 038 | _aShaban | ||
| 040 |
_aDLC _cWaU _dDLC |
||
| 042 | _apremarc | ||
| 050 | 0 | 0 |
_aPK2199.H338 _bB3 |
| 082 |
_a891.4393 _bMAN |
||
| 100 | 1 |
_aManṭo, Saʻādat Ḥasan, _d1912-1955. _91443 |
|
| 245 | 1 | 0 |
_aAtish Paaray / _cSaʻādat Ḥasan Manṭo. |
| 260 |
_aLahore: _bSang -e- Meel Publications, _c2008 |
||
| 300 |
_a112 p. ; _c18 cm. |
||
| 500 | _aIn Urdu. | ||
| 500 | _aShort stories. | ||
| 563 | _aP/B | ||
| 650 |
_aUrdu Literature _9347 |
||
| 880 |
_6100-01\(3\r _aسعادت حسن منٹو |
||
| 880 |
_6245-02\(3\r _aآتش پارے _cسعادت حسن منٹو |
||
| 880 |
_6260-03\(3\r _aلاہور: _bسنگ میل پبلی کیشنز، _c2008 |
||
| 906 |
_a7 _bcbc _coclcrpl _du _encip _f19 _gy-gencatlg |
||
| 942 |
_2ddc _cBK |
||
| 999 |
_c331851 _d331851 |
||